Statistics for Lion King Characters

Click here to take the quiz!

General Stats

  • This quiz has been taken 3,106 times
    (3,099 since last reset)
  • The average score is 11 of 17

Answer Stats

Movie Appearaences Character Name % Correct
The Lion King/ The Lion King IISimba
99%
The Lion KingMufasa
95%
The Lion KingScar
95%
The Lion King/ The Lion King IINala
92%
The Lion King/ The Lion King IITimon
91%
The Lion King/ The Lion King IIPumbaa
90%
The Lion King/ The Lion King IIZazu
70%
The Lion King/ The Lion King IIRafiki
68%
The Lion KingSarabi
62%
The Lion KingEd
60%
The Lion King IIKiara
59%
The Lion King IIKovu
56%
The Lion KingShenzi
40%
The Lion King IIZira
37%
The Lion KingBanzai
34%
The Lion King IINuka
21%
The Lion King IIVitani
19%

Score Distribution

Percentile by Number Answered

Percent of People with Each Score

Your Score History

You have not taken this quiz since the last reset